000
00260nam a22001097a 4500
008
170125b xxu||||| |||| 00| 0 eng d
020
_a
9780781735810
041
_a
eng
080
_2
4TH
_a
618.2
245
_a
FUNDAMENTALS OF NURSING
_c
CRAVEN, R.F
942
_2
udc
_c
BK
999
_c
3648
_d
3648